Modelovanie a simulácie dynamiky pohonných systémov elektromobilov /

Saved in:
Bibliographic Details
Main Authors: Ferencey, Viktor, 1946- (Author), Madarás, Juraj, 1986- (Author)
Other Authors: Šolek, Peter, 1950- (Reviewer), Kozák, Štefan, 1946- (Reviewer)
Format: Book
Language:Slovak
Published: Bratislava : Nakladateľstvo STU v Bratislave, 2015
Edition:1. vyd.
Tags: Add Tag
No Tags, Be the first to tag this record!

MARC

LEADER 00000nam a22000003a 4500
001 0012449
003 SK-STU
005 20230511100748.8
007 ta
008 160209s ----xo-----e------000-0-----d
020 |a 978-80-227-4486-7 
040 |a STU  |b slo 
041 0 |a slo 
080 |a 629 
100 1 |a Ferencey, Viktor,  |d 1946-  |u E400  |r Z1  |4 aut  |9 80  |U FEI Fakulta elektrotechniky a informatiky  |T FEI Ústav automobilovej mechatroniky  |X 2209  |U E400  |Y 642  |7 2209 
242 0 1 |a Modeling and simulations of electric propulsion systems dynamics  |y eng 
245 1 0 |a Modelovanie a simulácie dynamiky pohonných systémov elektromobilov /  |c aut. Viktor Ferencey, Juraj Madarás ; rec. Peter Šolek, Štefan Kozák 
250 |a 1. vyd. 
260 |a Bratislava :  |b Nakladateľstvo STU v Bratislave,  |c 2015 
300 |a 158 s. 
700 1 |a Madarás, Juraj,  |d 1986-  |r Z5  |4 aut  |9 20  |X 41578  |7 A000041578 
700 1 |a Šolek, Peter,  |d 1950-  |u J250  |r Z1  |4 rev  |U SjF Ústav aplikovanej mechaniky a mechatroniky  |T SjF Katedra technickej mechaniky  |X 2467  |U J0010  |Y 48  |7 A000002467 
700 1 |a Kozák, Štefan,  |d 1946-  |u E400  |r Z1  |4 rev  |U FEI Fakulta elektrotechniky a informatiky  |T FEI Ústav automobilovej mechatroniky  |X 1954  |U E400  |Y 642  |7 1954 
996 |b 284EK89631  |c E*89631  |l EE0101  |s P  |a 0  |w 0012449_0001 
996 |b 284EK89632  |c E* 89632  |l EE01  |s A  |a 24  |w 0012449_0002 
996 |b 284EK89633  |c E* 89633  |l EE01  |s A  |a 24  |w 0012449_0003 
996 |b 284EK89634  |c E* 89634  |l EE01  |s A  |a 24  |w 0012449_0004 
996 |b 284EK89635  |c E* 89635  |l EE01  |s A  |a 24  |w 0012449_0005 
996 |b 284EK89636  |c E* 89636  |l EE01  |s A  |a 24  |w 0012449_0006 
996 |b 284EK89637  |c E* 89637  |l EE01  |s A  |a 24  |w 0012449_0007 
996 |b 284EK89638  |c E* 89638  |l EE01  |s A  |a 24  |w 0012449_0008 
996 |b 284EK89639  |c E* 89639  |l EE01  |s A  |a 24  |w 0012449_0009 
996 |b 284EK89640  |c E* 89640  |l EE01  |s A  |a 24  |w 0012449_0010